00786nam a2200181 a 450000100060000000300090000600800410001502000180005604000280007408200230010224500410012526000230016630000100018950002620019965000470046165000390050865000570054723960CO-ViMGA141112s2004 ck r 000 u spa d a9789586538893 aCO-ViMGAbspacCO-ViMGA04a336.2714 M158 201110aManual practico de iva y facturacion aColombia : blegis a309p. aEn la caratula : incluye reforma tributaria;guia de auditoría para la declaración del IVA y presentación de información en medios magnéticos;ejemplos del tratamiento contable y fiscal del IVA;requisitos para devolución y/o compensación del IVA14a2 : IMPUESTOS SOBRE LAS VENTAS - COLOMBIA 14a3 : IMPUESTO AL CONSUMO - COLOMBIA14aIMPUESTO AL VALOR AGREGADO - LEGISLACION - COLOMBIA